| 000 | 00391nam a2200169Ia 4500 | ||
|---|---|---|---|
| 008 | 210210b1930 xxu||||| |||| 00| 0 eng d | ||
| 041 | _aeng | ||
| 082 | _a829/675 | ||
| 100 | _aLAGERLOF (Selma) | ||
| 245 | _aQueens of kungahalla | ||
| 260 |
_aLondon _bNot Mentioned _c1930 |
||
| 650 | _aQueens | ||
| 650 | _aof | ||
| 650 | _akungahalla | ||
| 690 | _aEnglish Fiction | ||
| 906 | _a017274 | ||
| 999 |
_c137232 _d137232 |
||